| Tag |
First Indicator |
Second Indicator |
Subfields |
| LEADER |
00000cam a2200000 i 4500 |
| 001 |
in00000417607 |
| 005 |
20151012060307.0 |
| 008 |
770516s1977 cauaf 00110 eng |
| 010 |
|
|
|a 76004050
|
| 020 |
|
|
|a 0024785601
|
| 035 |
|
|
|a (OCoLC)03018090
|
| 035 |
|
|
|9 ABV2667AM
|
| 040 |
|
|
|a DLC
|c DLC
|d TXA
|d UtOrBLW
|
| 049 |
|
|
|a TXAM
|c [A09785280]
|
| 050 |
0 |
0 |
|a QB45
|b .O73
|
| 082 |
0 |
|
|a 520
|
| 100 |
1 |
|
|a Oriti, Ronald A.
|
| 245 |
1 |
0 |
|a Introduction to astronomy /
|c Ronald A. Oriti, William B. Starbird.
|
| 264 |
|
1 |
|a Encino, Calif. :
|b Glencoe Press ;
|a London :
|b Collier Macmillan,
|c [1977]
|
| 264 |
|
4 |
|c ©1977
|
| 300 |
|
|
|a xii, 402 pages, 21 unnumbered pages of plates :
|b illustrations (some color) ;
|c 26 cm.
|
| 336 |
|
|
|a text
|b txt
|2 rdacontent
|
| 337 |
|
|
|a unmediated
|b n
|2 rdamedia
|
| 338 |
|
|
|a volume
|b nc
|2 rdacarrier
|
| 500 |
|
|
|a Includes index.
|
| 650 |
|
0 |
|a Astronomy.
|
| 700 |
1 |
|
|a Starbird, William B.
|
| 999 |
|
|
|a MARS
|
| 999 |
f |
f |
|s 09307e72-990b-3e13-b87e-a81ebb12fb9a
|i fd19ea4b-2508-35de-89f0-ccd33598c8e9
|t 0
|
| 952 |
f |
f |
|p normal
|a Texas A&M University
|b College Station
|c Sterling C. Evans Library
|d Evans: Library Stacks
|t 0
|e QB45 .O73
|h Library of Congress classification
|i unmediated -- volume
|m A14809785280
|
| 998 |
f |
f |
|a QB45 .O73
|t 0
|l Evans: Library Stacks
|